Sanat - "Kun minä kotoani läksin" - Suomalainen kansanlaulu - Statistics

Yleistilastot
  • Tätä visaa on pelattu 11 kertaa
  • Keskiarvotulos 79 / 224
Vastaustilastot
Vastaus % Oikein
kotoani
80%
Kun
80%
kun
80%
läksin
80%
minä
80%
ne
80%
niin
80%
pilvet
80%
tarjoili
80%
varjoili
80%
en
60%
ennen
60%
ja
60%
outojen
60%
se
60%
seurassa
60%
tääl
60%
ei
40%
Enkä
40%
enkä
40%
hautani
40%
kai
40%
kaikista
40%
katkerimman
40%
kohtalon
40%
kukkii
40%
maailma
40%
mulle
40%
mun
40%
ole
40%
reunalla
40%
saa
40%
täällä
40%
tänne
40%
tuli
40%
äitiäkään
20%
armasta
20%
hautasi
20%
heilaa
20%
isää
20%
jään
20%
jälkeen
20%
jätti
20%
jo
20%
joka
20%
Jos
20%
jos
20%
jota
20%
kauan
20%
kaukana
20%
kuolet
20%
kyllä
20%
lemmin
20%
lempiä
20%
maailmalla
20%
milloinkaan
20%
minun
20%
minut
20%
mutta
20%
nää
20%
noita
20%
omistaa
20%
on
20%
peittelemään
20%
poika
20%
poikaa
20%
rakasta
20%
ruusuilla
20%
silmäni
20%
silmiäs
20%
sinä
20%
sinut
20%
Sitä
20%
sitä
20%
sure
20%
suren
20%
tahdon
20%
toinenkin
20%
tulen
20%
tulipunaruusut
20%
tummanpunaisilla
20%
tummansinisiä
20%
tuntemaan
20%
tyttö
20%
unhoita
20%
vaan
20%
viivy
20%
yksinään
20%
karkeloissa
0%
Pian
0%
pian
0%
rakastaa
0%
Syysillan
0%
syysillan
0%
Ehtoja vastaavia visoja ei löytynyt
Tulosjakauma
Jokaisen tuloksen saaneiden osuus
Persentiili vastausten määrän mukaan
Tuloshistoriasi
Et ole pelannut tätä visaa